How to keep cool tips and tricks for you and your team spirit to succeed in the airport business!

Salvato in:
Dettagli Bibliografici
Natura: Libro
Lingua:inglese
Pubblicazione: Wien Flughafen Wien AG 2009
Soggetti:
Tags: Aggiungi Tag
Nessun Tag, puoi essere il primo ad aggiungerne!!

MARC

LEADER 00000nam a2200000 4500
001 0123078
005 20240108123828.3
041 0 |a eng 
044 |a AT 
245 1 0 |a How to keep cool  |b tips and tricks for you and your team spirit to succeed in the airport business! 
264 1 |a Wien  |b Flughafen Wien AG  |c 2009 
300 |a 208 s. 
610 2 0 |a letiská 
610 2 0 |a doprava letecká 
610 2 0 |a služby obyvateľstvu 
610 2 0 |a pracovníci riadiaci 
610 2 0 |a zamestnanci 
610 2 0 |a stratégia podniková 
610 2 0 |a politika finančná 
610 2 0 |a výkazy finančné 
610 2 0 |a audit